[Event "BAGDAD III"]
[Site "SchemingMind.com"]
[Date "2023.09.07"]
[Round "-"]
[White "Steven DuCharme"]
[Black "Derek Price"]
[Result "0-1"]
[WhiteCountry "USA"]
[BlackCountry "ENG"]
[WhiteElo "1601"]
[WhiteRD "67"]
[BlackElo "2372"]
[BlackRD "74"]
[GameID "737042"]

1. e4 c5 2. Nf3 d6 3. Nc3 a6 4. a4 Nf6 5. b3 Nc6 6. Be2 g6 7. O-O Bg7 8. Rb1 O-O 9. Bb2 e5 10. d3 Rb8
11. Nd5 Nxd5 12. exd5 Nb4 13. c3 Nxd5 14. c4 Nf4 15. Re1 Nxe2+ 16. Qxe2 Bd7 17. h3 Bc6 18. Nh2 b6 19. g3 Qd7 20. Qf1 Rbe8
21. f3 f5 22. Bc3 d5 23. g4 d4 24. Bd2 e4
0-1

[Event "BAGDAD III"]
[Site "SchemingMind.com"]
[Date "2023.09.06"]
[Round "-"]
[White "Derek Price"]
[Black "Steven DuCharme"]
[Result "1-0"]
[WhiteCountry "ENG"]
[BlackCountry "USA"]
[WhiteElo "2372"]
[WhiteRD "74"]
[BlackElo "1601"]
[BlackRD "67"]
[GameID "737043"]

1. c4 Nf6 2. g3 c6 3. Bg2 d5 4. Qc2 dxc4 5. Qxc4 e6 6. d3 Be7 7. Nf3 b5 8. Qc2 O-O 9. O-O Bb7 10. Nc3 Nbd7
11. e4 a5 12. Bf4 Nh5 13. Be3 Rb8 14. d4 g6 15. Rfd1 Re8 16. e5 Qc7 17. Nxb5 Qb6 18. Nd6 Bxd6 19. exd6 Ba6 20. Ne5
1-0

[Event "BAGDAD III"]
[Site "SchemingMind.com"]
[Date "2023.09.07"]
[Round "-"]
[White "Steven DuCharme"]
[Black "The Stonewall"]
[Result "0-1"]
[WhiteCountry "USA"]
[BlackCountry "ENG"]
[WhiteElo "1565"]
[WhiteRD "64"]
[BlackElo "2313"]
[BlackRD "78"]
[GameID "737044"]

1. d4 e6 2. Nf3 f5 3. g3 Nf6 4. Bg2 Be7 5. O-O d5 6. a3 Ne4 7. e3 Nc6 8. b4 a6 9. Ne5 Nxe5 10. Bxe4 fxe4
11. dxe5 O-O 12. f4 exf3 13. Rxf3 Bd7 14. Qf1 Rxf3 15. Qxf3 c5 16. c3 Qc7 17. Bb2 Rf8
0-1

[Event "BAGDAD III"]
[Site "SchemingMind.com"]
[Date "2023.09.10"]
[Round "-"]
[White "The Stonewall"]
[Black "Steven DuCharme"]
[Result "1-0"]
[WhiteCountry "ENG"]
[BlackCountry "USA"]
[WhiteElo "2313"]
[WhiteRD "78"]
[BlackElo "1565"]
[BlackRD "64"]
[GameID "737045"]

1. d4 Nf6 2. Nc3 d5 3. Bf4 c6 4. e3 h6 5. Bd3 g5 6. Bg3 Bg7 7. Nf3 Nh5 8. Be5 Nf6 9. Qd2 Nbd7 10. O-O-O Nxe5
11. Nxe5 Qd6 12. f4 O-O 13. fxg5 hxg5 14. Rdf1 Ng4 15. Nf3 e5 16. h3 e4 17. hxg4 exf3 18. Bh7+
1-0

[Event "BAGDAD III"]
[Site "SchemingMind.com"]
[Date "2023.09.07"]
[Round "-"]
[White "Steven DuCharme"]
[Black "lontjr"]
[Result "1-0"]
[WhiteCountry "USA"]
[BlackCountry "USA"]
[WhiteElo "1601"]
[WhiteRD "67"]
[BlackElo "1270"]
[BlackRD "85"]
[GameID "737046"]

1. e4 c5 2. Nf3 g6 3. c3 Bg7 4. d4 cxd4 5. cxd4 d5 6. Bb5+ Nc6 7. e5 Bg4 8. O-O Nh6 9. h3 Bxf3 10. Qxf3 O-O
11. Bxc6 bxc6 12. g4 e6 13. Nc3 f6 14. Bxh6 Bxh6 15. Qg3 Qb6 16. exf6
1-0

[Event "BAGDAD III"]
[Site "SchemingMind.com"]
[Date "2023.09.06"]
[Round "-"]
[White "lontjr"]
[Black "Steven DuCharme"]
[Result "0-1"]
[WhiteCountry "USA"]
[BlackCountry "USA"]
[WhiteElo "1270"]
[WhiteRD "85"]
[BlackElo "1601"]
[BlackRD "67"]
[GameID "737047"]

1. e4 d6 2. d4 g6 3. Nc3 Bg7 4. Be3 Nf6 5. Qd2 O-O 6. Nf3 Bg4 7. Ng5 h6 8. h3 Bd7 9. Nf3 Kh7 10. O-O-O a6
11. Kb1 b6 12. g4 c5 13. Be2 Nc6 14. g5 Ng8 15. h4 h5 16. dxc5 bxc5
0-1

[Event "BAGDAD III"]
[Site "SchemingMind.com"]
[Date "2023.09.07"]
[Round "-"]
[White "Steven DuCharme"]
[Black "Phillip Beckett"]
[Result "1/2-1/2"]
[WhiteCountry "USA"]
[BlackCountry "ENG"]
[WhiteElo "1601"]
[WhiteRD "67"]
[BlackElo "1575"]
[BlackRD "52"]
[GameID "737048"]

1. g3 g6 2. Bg2 Bg7 3. c3 Nf6 4. Nf3 d6 5. O-O O-O 6. Qc2 c6 7. e4 e5 8. d4 exd4 9. cxd4 Nbd7 10. Nc3 Nb6
11. Bg5 Bg4 12. h3 Bxf3 13. Bxf3 Qc7 14. Rad1 Rfe8 15. Bxf6 Bxf6 16. b3 Bg7 17. Nb5 Qd8 18. Na3 d5 19. e5 Qg5 20. Qd2 Qxd2
21. Rxd2 f6 22. exf6 Bxf6 23. Nc2 Bg5 24. Re2 Rxe2 25. Bxe2 Re8 26. Bd3 Nd7 27. f4 Bh6 28. Re1 Rxe1+ 29. Nxe1 Bg7 30. Nf3 Kf7
31. Kf2 Nf8 32. g4 Ne6 33. Ke3 Nc7 34. h4 Ne6 35. Ng5+ Nxg5 36. hxg5 Ke6 37. f5+ gxf5 38. Bxf5+ Kd6 39. Bxh7 Ke6 40. Bf5+ Kd6
41. a4 c5 42. dxc5+ Kxc5 43. Kd3 Kb4 44. Kc2 d4 45. Be4 b5 46. axb5 Kxb5 47. Kd3 a5 48. Bd5 a4 49. bxa4+ Kxa4 50. g6 Kb5
51. g5 Kc5 52. Ba8 Kd6 53. Be4=
1/2-1/2

[Event "BAGDAD III"]
[Site "SchemingMind.com"]
[Date "2023.09.07"]
[Round "-"]
[White "Phillip Beckett"]
[Black "Steven DuCharme"]
[Result "0-1"]
[WhiteCountry "ENG"]
[BlackCountry "USA"]
[WhiteElo "1499"]
[WhiteRD "51"]
[BlackElo "1565"]
[BlackRD "64"]
[GameID "737049"]

1. e4 g6 2. d4 Bg7 3. Nf3 d6 4. Nc3 Nd7 5. Bc4 Ngf6 6. O-O O-O 7. Bg5 Nb6 8. Bb3 a5 9. a3 a4 10. Ba2 Bg4
11. h3 Bd7 12. Qd2 Kh8 13. Bh6 Bxh6 14. Qxh6 Ng8 15. Qh4 e6 16. Nd2 Qxh4
0-1

[Event "BAGDAD III"]
[Site "SchemingMind.com"]
[Date "2023.09.06"]
[Round "-"]
[White "Steven DuCharme"]
[Black "Robert Bruce"]
[Result "0-1"]
[WhiteCountry "USA"]
[BlackCountry "SCO"]
[WhiteElo "1601"]
[WhiteRD "67"]
[BlackElo "2359"]
[BlackRD "68"]
[GameID "737052"]

1. Nf3 f5 2. b3 d6 3. d4 e6 4. Bb2 Nf6 5. Nbd2 Be7 6. g3 a5 7. Bg2 a4 8. O-O Nc6 9. bxa4 O-O 10. c3 e5
11. dxe5 dxe5 12. Qb3+ Kh8 13. Ng5 Qxd2 14. Nf3 Qh6 15. Bc1 Qh5 16. Ba3 Bxa3 17. Qxa3 Re8 18. Rab1 e4 19. Nd4 Nxd4 20. cxd4 c6
21. h3 Qxe2 22. Rfe1 Qc4 23. Rb4 Qd5 24. f3 Qd8 25. fxe4 fxe4
0-1

[Event "BAGDAD III"]
[Site "SchemingMind.com"]
[Date "2023.09.06"]
[Round "-"]
[White "Robert Bruce"]
[Black "Steven DuCharme"]
[Result "1-0"]
[WhiteCountry "SCO"]
[BlackCountry "USA"]
[WhiteElo "2329"]
[WhiteRD "68"]
[BlackElo "1565"]
[BlackRD "64"]
[GameID "737053"]

1. f4 d5 2. Nf3 Nc6 3. e3 e5 4. fxe5 Bg4 5. Bb5 a6 6. Bxc6+ bxc6 7. O-O Be7 8. d4 Nh6 9. Nc3 O-O 10. e4 Qd7
11. Bxh6 gxh6 12. Qd2 Bxf3 13. Rxf3 Bg5 14. Qf2 Kh8 15. Rf1 Kg8 16. Rg3 Kh8 17. Rxg5 hxg5 18. Qf6+ Kg8 19. Qxg5+ Kh8 20. Qf6+
1-0

[Event "BAGDAD III"]
[Site "SchemingMind.com"]
[Date "2023.09.07"]
[Round "-"]
[White "Steven DuCharme"]
[Black "William Lindberg"]
[Result "0-1"]
[WhiteCountry "USA"]
[BlackCountry "USA"]
[WhiteElo "1601"]
[WhiteRD "67"]
[BlackElo "2336"]
[BlackRD "68"]
[GameID "737054"]

1. e4 c5 2. Nf3 e6 3. d4 cxd4 4. Nxd4 Nf6 5. Nc3 Nc6 6. a3 Be7 7. Be3 O-O 8. Be2 d5 9. exd5 Nxd5 10. Nxd5 Qxd5
11. Nxc6 Qxc6 12. Bf3 Qc7 13. O-O Rd8 14. Qe2 Bd7 15. Rfd1 Bf6 16. c3 a6 17. Rac1 Ba4 18. Rd2 h6 19. g3 Rxd2 20. Qxd2 Rd8
21. Qe2 Bb3 22. Kg2 b5 23. h4 Be7 24. Bf4 Qa7 25. Be3 Bc5 26. Re1 Kf8 27. Bc1= Bc4 28. Qe4 Bxf2
0-1

[Event "BAGDAD III"]
[Site "SchemingMind.com"]
[Date "2023.09.08"]
[Round "-"]
[White "William Lindberg"]
[Black "Steven DuCharme"]
[Result "1-0"]
[WhiteCountry "USA"]
[BlackCountry "USA"]
[WhiteElo "2341"]
[WhiteRD "69"]
[BlackElo "1565"]
[BlackRD "64"]
[GameID "737055"]

1. d4 Nf6 2. c4 e6 3. Nf3 Nc6 4. a3 a5 5. d5 exd5 6. cxd5 Nb8 7. Qc2 Nxd5 8. e4 Nb6 9. Be3 Be7 10. Be2 O-O
11. Nc3 Nc6 12. Rd1 d6 13. Bxb6 cxb6 14. e5
1-0

[Event "BAGDAD III"]
[Site "SchemingMind.com"]
[Date "2023.09.06"]
[Round "-"]
[White "Steven DuCharme"]
[Black "JAHI"]
[Result "0-1"]
[WhiteCountry "USA"]
[BlackCountry "INT"]
[WhiteElo "1601"]
[WhiteRD "67"]
[BlackElo "2196"]
[BlackRD "81"]
[GameID "737056"]

1. Nf3 d6 2. d4 d5 3. g3 h6 4. Bg2 h5 5. O-O h4 6. Nxh4 Rxh4 7. gxh4 g6 8. Nc3 Bg7 9. f3 Kf8 10. Be3 c6
11. Qd2 Na6 12. a3 Nc7 13. b4 Ne6 14. Bh3 Bd7 15. a4 Nf6 16. Bh6 Kg8 17. e4 Bxh6 18. Qxh6 Nxd4 19. Bxd7 Qxd7 20. e5 Nh5
21. Qd2 Nf5 22. Qg5 Qc7 23. f4 Qb6+ 24. Kh1 Qxb4 25. e6 Qxc3 26. exf7+ Kxf7
0-1

[Event "BAGDAD III"]
[Site "SchemingMind.com"]
[Date "2023.09.06"]
[Round "-"]
[White "JAHI"]
[Black "Steven DuCharme"]
[Result "1-0"]
[WhiteCountry "INT"]
[BlackCountry "USA"]
[WhiteElo "2196"]
[WhiteRD "81"]
[BlackElo "1601"]
[BlackRD "67"]
[GameID "737057"]

1. c3 e5 2. c4 Nc6 3. Nc3 Nf6 4. d3 Bb4 5. a3 Bxc3+ 6. bxc3 O-O 7. Bg5 h6 8. Bxf6 Qxf6 9. e3 a5 10. Be2 Rd8
11. Kf1 b6 12. Nf3 Bb7 13. d4 e4 14. Nd2 d5 15. cxd5 Rxd5 16. Nxe4 Qe6 17. Ng3 Ba6 18. Bxa6 Rxa6 19. Qe2 Ra8 20. e4 Rdd8
21. d5 Qe5 22. dxc6 Qxc3 23. Re1 Qxc6 24. h3 b5 25. Nf5 Qf6 26. Qxb5 Rdb8 27. Qd5 Rd8 28. Qc4 Rd7 29. g3 Kh7 30. Kg2 g6
31. Ne3 Rd4 32. Qxc7 Rxe4 33. Nd5
1-0

[Event "BAGDAD III"]
[Site "SchemingMind.com"]
[Date "2023.09.07"]
[Round "-"]
[White "Steven DuCharme"]
[Black "eliecercruzr"]
[Result "0-1"]
[WhiteCountry "USA"]
[BlackCountry "CUB"]
[WhiteElo "1601"]
[WhiteRD "67"]
[BlackElo "2309"]
[BlackRD "61"]
[GameID "737058"]

1. Nf3 d5 2. g3 Nf6 3. Bg2 c5 4. O-O e6 5. d3 Nc6 6. Bg5 Be7 7. Nbd2 h6 8. Bxf6 Bxf6 9. c3 O-O 10. h3 e5
11. e4 d4 12. Ne1 b6 13. c4 Bb7 14. f4 Qe7 15. f5 Kh7 16. a3 Rg8 17. h4 a5 18. Qg4 g6 19. Qh3 Rg7 20. Nef3 Rag8
21. Ng5+ Kh8 22. Ngf3 gxf5
0-1

[Event "BAGDAD III"]
[Site "SchemingMind.com"]
[Date "2023.09.07"]
[Round "-"]
[White "eliecercruzr"]
[Black "Steven DuCharme"]
[Result "1-0"]
[WhiteCountry "CUB"]
[BlackCountry "USA"]
[WhiteElo "2298"]
[WhiteRD "64"]
[BlackElo "1565"]
[BlackRD "64"]
[GameID "737059"]

1. e4 d6 2. d4 Nf6 3. Nc3 g6 4. Nf3 Bg7 5. Be2 O-O 6. O-O c6 7. Bf4 Nh5 8. Be3 e5 9. dxe5 dxe5 10. Qxd8 Rxd8
11. Rfd1 Re8 12. Bc4 Nd7 13. Ng5
1-0

[Event "BAGDAD III"]
[Site "SchemingMind.com"]
[Date "2023.09.07"]
[Round "-"]
[White "Derek Price"]
[Black "The Stonewall"]
[Result "1-0"]
[WhiteCountry "ENG"]
[BlackCountry "ENG"]
[WhiteElo "2373"]
[WhiteRD "71"]
[BlackElo "2282"]
[BlackRD "74"]
[GameID "737060"]

1. c4 Nf6 2. g3 g6 3. Bg2 Bg7 4. Nc3 O-O 5. d4 d6 6. Nf3 c5 7. O-O Nc6 8. d5 Na5 9. Nd2 e6 10. Qc2 Re8
11. b3 exd5 12. cxd5 b5 13. Bb2 b4 14. Nce4 Nxe4 15. Bxe4 Bg4 16. Bxg7 Kxg7 17. Rfe1 Qf6 18. Rac1 Rab8 19. Bg2 Qe7 20. e4 f6
21. h3 Bd7 22. f4 Nb7 23. Nf3 Bb5 24. Kh2 Rbd8 25. Re3 Qf7 26. Rce1 Kg8 27. Qc1 a6 28. e5 Qe7 29. e6 Kg7 30. g4 Rc8
31. a4 bxa3 32. Qxa3 Rf8 33. Qb2 Kg8 34. f5 g5 35. Nd2 h6 36. Qc3 Kg7 37. h4 Rg8 38. Rh3 Rh8 39. Ree3 c4 40. bxc4 a5
41. Qd4 Ba4 42. Ne4
1-0

[Event "BAGDAD III"]
[Site "SchemingMind.com"]
[Date "2023.09.11"]
[Round "-"]
[White "The Stonewall"]
[Black "Derek Price"]
[Result "1/2-1/2"]
[WhiteCountry "ENG"]
[BlackCountry "ENG"]
[WhiteElo "2319"]
[WhiteRD "75"]
[BlackElo "2369"]
[BlackRD "66"]
[GameID "737061"]

1. d4 d5 2. Nf3 Nf6 3. g3 c6 4. Bg2 Bf5 5. c4 e6 6. Nc3 Be7 7. O-O O-O 8. Nh4 dxc4 9. Nxf5 exf5 10. Rb1 Na6
11. b3 cxb3 12. Qxb3 Nb4 13. a3 Nbd5 14. Nxd5 Nxd5 15. Qxb7 Rb8 16. Qxb8 Qxb8 17. Rxb8 Rxb8 18. e3 Rb1=
1/2-1/2

[Event "BAGDAD III"]
[Site "SchemingMind.com"]
[Date "2023.09.06"]
[Round "-"]
[White "Derek Price"]
[Black "lontjr"]
[Result "1-0"]
[WhiteCountry "ENG"]
[BlackCountry "USA"]
[WhiteElo "2372"]
[WhiteRD "74"]
[BlackElo "1270"]
[BlackRD "85"]
[GameID "737062"]

1. c4 c5 2. Nf3 g6 3. g3 Bg7 4. Bg2 Nc6 5. O-O e6 6. Nc3 Nge7 7. d3 O-O 8. Bd2 d5 9. a3 b6 10. Rb1 Bb7
11. b4 cxb4 12. axb4 a5 13. b5 Nd4 14. Nxd4
1-0

[Event "BAGDAD III"]
[Site "SchemingMind.com"]
[Date "2023.09.06"]
[Round "-"]
[White "lontjr"]
[Black "Derek Price"]
[Result "0-1"]
[WhiteCountry "USA"]
[BlackCountry "ENG"]
[WhiteElo "1270"]
[WhiteRD "85"]
[BlackElo "2372"]
[BlackRD "74"]
[GameID "737063"]

1. e4 c5 2. Nc3 Nc6 3. f4 g6 4. Nf3 Bg7 5. Bb5 Nd4 6. O-O a6 7. Bc4 b5 8. Bd5 Ra7 9. d3 e6 10. Bb3 d5
11. exd5 exd5 12. Re1+ Ne7 13. Nxd5 Bg4 14. h3 Bxf3
0-1

[Event "BAGDAD III"]
[Site "SchemingMind.com"]
[Date "2023.09.07"]
[Round "-"]
[White "Derek Price"]
[Black "Phillip Beckett"]
[Result "1-0"]
[WhiteCountry "ENG"]
[BlackCountry "ENG"]
[WhiteElo "2393"]
[WhiteRD "74"]
[BlackElo "1499"]
[BlackRD "51"]
[GameID "737064"]

1. c4 e5 2. Nc3 Nf6 3. Nf3 Nc6 4. g3 d5 5. cxd5 Nxd5 6. Bg2 Be6 7. O-O f6 8. d4 Nxc3 9. bxc3 exd4 10. cxd4 Bd5
11. e4 Bc4 12. Re1 Bb4 13. Bd2 Bxd2 14. Qxd2 O-O 15. d5 Ne5 16. Nxe5 fxe5 17. Qc3 Ba6 18. Qxe5 Qd6 19. Qc3 Rac8 20. e5 Qb6
21. Qd2 Rcd8 22. Rab1 Qa5 23. Qxa5
1-0

[Event "BAGDAD III"]
[Site "SchemingMind.com"]
[Date "2023.09.07"]
[Round "-"]
[White "Phillip Beckett"]
[Black "Derek Price"]
[Result "0-1"]
[WhiteCountry "ENG"]
[BlackCountry "ENG"]
[WhiteElo "1575"]
[WhiteRD "52"]
[BlackElo "2372"]
[BlackRD "74"]
[GameID "737065"]

1. e4 c5 2. Nf3 d6 3. d4 cxd4 4. Nxd4 Nf6 5. Nc3 a6 6. Bg5 e6 7. f4 Be7 8. Qf3 Qc7 9. O-O-O Nbd7 10. Bd3 h6
11. Bh4 g5 12. fxg5 Ne5 13. Qe2 Nfg4 14. h3 hxg5 15. hxg4 gxh4 16. Nf3 Nxg4 17. Kb1 Qb6 18. Rdf1 Qe3 19. Qxe3 Nxe3 20. Rf2 Ng4
21. Re2 Bd7 22. e5 dxe5 23. Nxe5 Nxe5 24. Rxe5 Bf6 25. Re2 Bxc3 26. bxc3 Ke7 27. Re4 Bc6 28. Rexh4 Rxh4 29. Rxh4 Bxg2 30. Rb4 f5
31. c4 Kf6 32. Kc1 Bc6 33. Kd2 e5 34. c5 e4 35. Be2 Ke5 36. Bh5 Rd8+ 37. Ke3 f4+ 38. Ke2 Rh8 39. Bg4 Rh2+ 40. Kd1 f3
41. c4 Rxa2 42. Rb3 f2 43. Be2 Ba4
0-1

[Event "BAGDAD III"]
[Site "SchemingMind.com"]
[Date "2023.09.07"]
[Round "-"]
[White "Derek Price"]
[Black "ray winteringham"]
[Result "1-0"]
[WhiteCountry "ENG"]
[BlackCountry "ENG"]
[WhiteElo "2393"]
[WhiteRD "74"]
[BlackElo "1333"]
[BlackRD "48"]
[GameID "737066"]

1. c4 b5 2. b3 Bb7 3. cxb5 g6 4. Bb2 Nf6 5. e3 Bg7 6. Nf3 O-O 7. d4 d5 8. Nc3 e6 9. Bd3 Nbd7 10. O-O c6
11. Rc1 Rc8 12. bxc6 Bxc6 13. Qe2 Nh5 14. Ba3 Re8 15. Nb5 Bxb5 16. Bxb5 Kh8 17. Rxc8 Qxc8 18. Rc1 Bf8 19. Rxc8
1-0

[Event "BAGDAD III"]
[Site "SchemingMind.com"]
[Date "2023.09.06"]
[Round "-"]
[White "ray winteringham"]
[Black "Derek Price"]
[Result "0-1"]
[WhiteCountry "ENG"]
[BlackCountry "ENG"]
[WhiteElo "1333"]
[WhiteRD "48"]
[BlackElo "2393"]
[BlackRD "74"]
[GameID "737067"]

1. g3 Nf6 2. Bg2 d5 3. d4 e6 4. Nf3 Be7 5. O-O O-O 6. a3 Nbd7 7. Nc3 b6 8. e3 Bb7 9. Bd2 Rc8 10. b4 c5
0-1

[Event "BAGDAD III"]
[Site "SchemingMind.com"]
[Date "2023.09.06"]
[Round "-"]
[White "Derek Price"]
[Black "Robert Bruce"]
[Result "1/2-1/2"]
[WhiteCountry "ENG"]
[BlackCountry "SCO"]
[WhiteElo "2369"]
[WhiteRD "66"]
[BlackElo "2327"]
[BlackRD "67"]
[GameID "737068"]

1. c4 f5 2. g3 g6 3. Bg2 Bg7 4. Nc3 e5 5. d3 Nf6 6. Nf3 d6 7. O-O O-O 8. Rb1 h6 9. b4 Nc6 10. b5 Ne7
11. a4 g5 12. a5 Rb8 13. Ba3 b6 14. axb6 axb6 15. Bb2 f4 16. Nd2 g4 17. Nde4 Nxe4 18. Nxe4 Bb7 19. Ra1 Qc8 20. Ra7 Rf7
21. Re1 Ng6 22. Bc3=
1/2-1/2

[Event "BAGDAD III"]
[Site "SchemingMind.com"]
[Date "2023.09.06"]
[Round "-"]
[White "Robert Bruce"]
[Black "Derek Price"]
[Result "1-0"]
[WhiteCountry "SCO"]
[BlackCountry "ENG"]
[WhiteElo "2351"]
[WhiteRD "71"]
[BlackElo "2358"]
[BlackRD "67"]
[GameID "737069"]

1. e4 c5 2. Nf3 d6 3. d4 cxd4 4. Nxd4 Nf6 5. Nc3 a6 6. Bg5 e6 7. Qe2 h6 8. Bh4 Be7 9. O-O-O Qc7 10. f4 Nbd7
11. g4 b5 12. Bg2 Bb7 13. e5 dxe5 14. fxe5 Ng8 15. Bxb7 Qxb7 16. Ne4 g5 17. Bg3 Rc8 18. h4 gxh4 19. Bxh4 Bf8 20. Rhe1 Qc7
21. Nf5 Rh7 22. Nfd6+ Bxd6 23. Nxd6+ Kf8 24. Nxc8 Qxc8 25. Qd2 Ke8 26. Qd6 Rg7 27. Re3 Rxg4 28. Rc3
1-0

[Event "BAGDAD III"]
[Site "SchemingMind.com"]
[Date "2023.09.07"]
[Round "-"]
[White "Derek Price"]
[Black "William Lindberg"]
[Result "1/2-1/2"]
[WhiteCountry "ENG"]
[BlackCountry "USA"]
[WhiteElo "2369"]
[WhiteRD "66"]
[BlackElo "2355"]
[BlackRD "66"]
[GameID "737070"]

1. c4 e5 2. Nc3 Nf6 3. Nf3 Nc6 4. g3 Bb4 5. Bg2 O-O 6. O-O Re8 7. Nd5 Nxd5 8. cxd5 Nd4 9. Nxd4 exd4 10. b3 Be7
11. Bb2 c5 12. e3 d6 13. exd4 Bf6 14. Re1 Bf5 15. Rxe8+ Qxe8 16. Qf3 Qd7 17. Re1 cxd4 18. Bf1 Bg6 19. Bd3 Re8 20. Rxe8+=
1/2-1/2

[Event "BAGDAD III"]
[Site "SchemingMind.com"]
[Date "2023.09.08"]
[Round "-"]
[White "William Lindberg"]
[Black "Derek Price"]
[Result "1/2-1/2"]
[WhiteCountry "USA"]
[BlackCountry "ENG"]
[WhiteElo "2355"]
[WhiteRD "66"]
[BlackElo "2369"]
[BlackRD "66"]
[GameID "737071"]

1. c4 e5 2. Nc3 Nf6 3. a3 d6 4. g3 g6 5. Nf3 Bg7 6. Bg2 O-O 7. O-O Nc6 8. d3 Nd4 9. Be3 Nxf3+ 10. exf3 c6
11. d4 exd4 12. Bxd4 Be6 13. Qe2 d5 14. cxd5 Nxd5 15. Bxg7 Kxg7 16. Ne4 Qe7 17. Qd2 Bf5 18. Qd4+ Kg8 19. Rfe1 Bxe4 20. Rxe4 Qf6
21. Re5 Nb6 22. f4 Rfd8 23. Qb4 Qd6 24. Qe1 Qf6=
1/2-1/2

[Event "BAGDAD III"]
[Site "SchemingMind.com"]
[Date "2023.09.06"]
[Round "-"]
[White "Derek Price"]
[Black "JAHI"]
[Result "1-0"]
[WhiteCountry "ENG"]
[BlackCountry "INT"]
[WhiteElo "2373"]
[WhiteRD "71"]
[BlackElo "2204"]
[BlackRD "80"]
[GameID "737072"]

1. c4 d6 2. d4 d5 3. Nc3 c6 4. e3 a6 5. Nf3 Nf6 6. Be2 b6 7. O-O Bg4 8. cxd5 Nxd5 9. h3 Bxf3 10. Bxf3 e6
11. e4 Nxc3 12. bxc3 Be7 13. e5 Kf8 14. c4 Ra7 15. Be3 Bg5 16. Bxg5 Qxg5 17. Qb3 Qd8 18. Rad1 g6 19. d5 exd5 20. cxd5 cxd5
21. Bxd5 Qc7 22. e6 f6 23. Rc1 Qd6 24. Rfd1 Kg7 25. Bf3 Qe7 26. Qxb6 a5 27. Qd4 Rf8 28. g3 h6 29. Kg2 h5 30. Qd6 h4
31. gxh4 Qxd6 32. Rxd6 Re8 33. a3 Kf8 34. Rb6 Na6 35. e7+ Kxe7 36. Re1+ Kd7 37. Bc6+ Kc7 38. Bxe8 Kxb6 39. Bxg6 Nc7 40. h5 Ra8
41. Kf3 Rh8 42. Re7 Kc6 43. Rh7 Rg8 44. Rf7 Nd5 45. Be4 Kd6 46. h6 Ne7 47. h7 Rh8 48. Rxf6+ Ke5 49. Ra6 Nd5 50. Bxd5 Rxh7
51. Be6 a4 52. Bg4 Kd5 53. Rxa4 Ke5 54. Re4+ Kd6 55. a4 Rh8 56. a5 Kc5 57. a6 Rh7 58. Kg3 Rc7 59. h4 Rh7 60. h5 Kb5
61. Re6 Kc5 62. h6 Rc7 63. Bf5 Kd5 64. h7 Rxh7 65. Bxh7 Kxe6 66. a7 Kd6 67. a8=Q Kc5 68. Qd8 Kb4 69. Qd4+ Kb5 70. Be4 Ka5
71. Qb2 Ka6 72. Bc6 Ka5 73. Qb5#
1-0

[Event "BAGDAD III"]
[Site "SchemingMind.com"]
[Date "2023.09.07"]
[Round "-"]
[White "JAHI"]
[Black "Derek Price"]
[Result "1/2-1/2"]
[WhiteCountry "INT"]
[BlackCountry "ENG"]
[WhiteElo "2164"]
[WhiteRD "84"]
[BlackElo "2345"]
[BlackRD "69"]
[GameID "737073"]

1. c3 Nf6 2. c4 e6 3. Nc3 c5 4. d3 Nc6 5. Bg5 Be7 6. Bxf6 Bxf6 7. e3 O-O 8. Be2 d5 9. Kf1 dxc4 10. dxc4 Bxc3
11. Qxd8 Rxd8 12. bxc3 Rd2 13. Ke1 Rc2 14. Kd1 Rxc3 15. Kd2 Ra3 16. Kc1 Ra4 17. Nf3 Bd7 18. Rd1 Be8 19. a3 Kf8 20. Kb2 Ke7
21. Kc3 Ra6 22. Nd2 Rd8 23. f3 Na5 24. Ne4 Rc8 25. Rd2 Rb6 26. Bd1 Bc6 27. Nf2 e5 28. Bc2 Rc7 29. Rad1 h6 30. Ne4 Bxe4
31. fxe4 g6 32. Ba4 Kf8 33. Rd5 Re6 34. h3 Kg7 35. Rd7 Re7 36. Rxc7 Rxc7 37. Rd8 Kf6 38. h4 b6 39. Ra8 g5 40. h5 Kg7
41. g3 Nc6 42. g4 Ne7 43. Rd8 Ng8 44. Bd7 Ne7 45. Kc2 Kf6 46. Kc3 Nc6 47. Bxc6 Rxc6 48. Rd7 a6 49. Rb7 Rd6 50. a4 a5
51. Kc2 Kg7=
1/2-1/2

[Event "BAGDAD III"]
[Site "SchemingMind.com"]
[Date "2023.09.07"]
[Round "-"]
[White "Derek Price"]
[Black "eliecercruzr"]
[Result "1-0"]
[WhiteCountry "ENG"]
[BlackCountry "CUB"]
[WhiteElo "2349"]
[WhiteRD "70"]
[BlackElo "2292"]
[BlackRD "59"]
[GameID "737074"]

1. c4 e5 2. Nc3 Nf6 3. Nf3 Nc6 4. g3 Bb4 5. Bg2 Bxc3 6. bxc3 O-O 7. O-O d6 8. d3 h6 9. e4 a6 10. a4 b6
11. h3 Re8 12. Be3 Na5 13. Nd2 Bb7 14. Kh2 Bc6 15. Ra2 Nd7 16. Nf3 Nc5 17. Nh4 Re6 18. Nf5 Qf8 19. f4 Rd8 20. Nh4 Rf6
21. f5 Qe8 22. g4 Bxa4 23. Qe2 Bb3 24. Rd2 Rb8 25. g5 hxg5 26. Bxg5 Kf8 27. Rg1 Ke7 28. Bf1 Qh8 29. Qe1 Re8 30. Ng2 Kd7
31. Bxf6 gxf6 32. Ne3 Kc8 33. Rg4 Rd8 34. Rdg2 c6 35. Rh4 Qe8 36. Rg7 Qe7 37. Rhg4 Nab7 38. Rg8 b5 39. cxb5 axb5 40. h4 d5
41. h5 Nd7 42. Rxd8+ Nxd8 43. h6 Nf8 44. Rg7 dxe4 45. dxe4 Nb7 46. c4 bxc4 47. Bxc4 Bxc4 48. Nxc4 Qc5 49. Rxf7
1-0

[Event "BAGDAD III"]
[Site "SchemingMind.com"]
[Date "2023.09.07"]
[Round "-"]
[White "eliecercruzr"]
[Black "Derek Price"]
[Result "1/2-1/2"]
[WhiteCountry "CUB"]
[BlackCountry "ENG"]
[WhiteElo "2300"]
[WhiteRD "62"]
[BlackElo "2358"]
[BlackRD "67"]
[GameID "737075"]

1. e4 c5 2. Nf3 d6 3. d4 cxd4 4. Nxd4 Nf6 5. Nc3 a6 6. Bc4 e6 7. O-O Be7 8. Bb3 b5 9. Qf3 Qb6 10. Be3 Qb7
11. Qg3 b4 12. Na4 Nbd7 13. f3 O-O 14. Rad1 Ne5 15. Nb6 Nh5 16. Qe1 Qxb6 17. Nxe6 Qb7 18. Nxf8 Bxf8 19. g4 Nf6 20. g5 Ne8
21. f4 Ng6 22. Bd5 Qb8 23. Bd4 Bb7 24. Qxb4 Bxd5 25. Qxb8 Rxb8 26. exd5 Rc8 27. Rc1 Be7= 28. Be3 Nh4 29. c4 a5 30. b3 Nf5
31. Rfe1 Kf8 32. Kf2 Bd8 33. Kf3 Nxe3 34. Kxe3 Bb6+ 35. Kd3 Nc7 36. Rcd1 g6 37. f5 Na6 38. fxg6 hxg6 39. Kc3 Bc5 40. Re2=
1/2-1/2

[Event "BAGDAD III"]
[Site "SchemingMind.com"]
[Date "2023.09.07"]
[Round "-"]
[White "The Stonewall"]
[Black "lontjr"]
[Result "1-0"]
[WhiteCountry "ENG"]
[BlackCountry "USA"]
[WhiteElo "2311"]
[WhiteRD "76"]
[BlackElo "1270"]
[BlackRD "85"]
[GameID "737076"]

1. d4 Nf6 2. Nc3 d5 3. Bf4 c5 4. e3 cxd4 5. exd4 a6 6. Nf3 Nc6 7. Ne5 Bd7 8. g4 Qb6 9. Nxd7 Nxd7 10. Nxd5 Nxd4
11. Nxb6
1-0

[Event "BAGDAD III"]
[Site "SchemingMind.com"]
[Date "2023.09.06"]
[Round "-"]
[White "lontjr"]
[Black "The Stonewall"]
[Result "0-1"]
[WhiteCountry "USA"]
[BlackCountry "ENG"]
[WhiteElo "1270"]
[WhiteRD "85"]
[BlackElo "2311"]
[BlackRD "76"]
[GameID "737077"]

1. e4 d6 2. d4 Nf6 3. Nc3 Nbd7 4. Be3 e5 5. Nf3 Be7 6. Qd2 c6 7. O-O-O O-O 8. h3 b5 9. Bd3 b4 10. Nb1 c5
11. dxe5 dxe5 12. a4 Bb7 13. c3 Qa5 14. b3 Rad8
0-1